[Event "Barcelona Electrica Baleares op 2nd"]
[Site "Barcelona"]
[Date "2019.05.10"]
[Round "8"]
[White "Saguillo Gonzalez, Oriol"]
[Black "Alquezar Calpena, Marc"]
[Result "1-0"]
[WhiteElo "2159"]
[BlackElo "1666"]
[PlyCount "65"]
[EventDate "2019.03.15"]
[EventType "swiss"]
[EventRounds "9"]
[EventCountry "ESP"]
[SourceTitle "CBM 190 Extra"]
[Source "ChessBase"]
[SourceDate "2019.07.15"]
[SourceVersion "1"]
[SourceVersionDate "2019.07.15"]
[SourceQuality "1"]

1. e4 c5 2. Nf3 Nc6 3. Nc3 e6 4. d4 cxd4 5. Nxd4 Nf6 6. Ndb5 Bb4 7. a3 Bxc3+ 8. Nxc3 d5 9. exd5 exd5 10. Bd3 0-0 11. 0-0 d4 12. Ne2 Bg4 13. Re1 Re8 14. f3 Bh5 15. Nf4 Qd7 16. Bd2 Rxe1+ 17. Bxe1 Re8 18. Bf2 Ne5 19. Bf1 Nc6 20. Qd2 Bg6 21. Nxg6 hxg6 22. Rd1 Rc8 23. b4 a6 24. a4 Ne7 25. b5 axb5 26. Bxb5 Qf5 27. Qxd4 Qxc2 28. Re1 Ned5 29. Qa7 Qc7 30. a5 Nc3 31. Bf1 Re8 32. a6 Rb8 33. Bg3 1-0

[Event "Barcelona Navidad Amateurs 2nd"]
[Site "Barcelona"]
[Date "2018.12.27"]
[Round "1.1"]
[White "Costa Trave, Jaume"]
[Black "Alquezar Calpena, Marc"]
[Result "0-1"]
[WhiteElo "2019"]
[BlackElo "1882"]
[PlyCount "96"]
[EventDate "2018.12.27"]
[EventType "swiss"]
[EventRounds "9"]
[EventCountry "ESP"]
[SourceTitle "EXT 2024"]
[Source "ChessBase"]
[SourceDate "2023.10.10"]
[SourceVersion "1"]
[SourceVersionDate "2023.10.10"]
[SourceQuality "1"]

1. f4 e5 2. fxe5 d6 3. exd6 Bxd6 4. Nf3 g5 5. c3 g4 6. Qa4+ Nc6 7. Qe4+ Be6 8. Nd4 Nf6 9. Nxc6 Nxe4 10. Nxd8 Rxd8 11. d3 Nc5 12. e4 Be7 13. Be3 Nxd3+ 14. Bxd3 Rxd3 15. Bd4 Rg8 16. Nd2 Bg5 17. Nf1 Bc4 18. b3 Ba6 19. Rb1 Rg6 20. Rb2 Re6 21. Re2 Rxd4 22. cxd4 Bxe2 23. Kxe2 Rxe4+ 24. Kd3 Re1 25. Ng3 Rxh1 26. Nxh1 Ke7 27. Nf2 f5 28. Nd1 h5 29. Nc3 c6 30. Ne2 Ke6 31. Kc4 f4 32. Kd3 Kf5 33. Nc3 f3 34. gxf3 gxf3 35. Ne4 Kg4 36. Nf2+ Kf5 37. Ne4 Bh4 38. Ke3 f2 39. Nxf2 Bxf2+ 40. Kxf2 Ke4 41. Kg3 Kxd4 42. Kh4 c5 43. Kxh5 b5 44. Kg4 c4 45. h4 c3 46. h5 c2 47. h6 c1Q 48. h7 Qh1 0-1

[Event "Cornella Pinol Memorial 6th"]
[Site "Cornella de Llobregat"]
[Date "2018.09.24"]
[Round "1"]
[White "Villar Reymundo, Juan Antonio"]
[Black "Alquezar Calpena, Marc"]
[Result "1-0"]
[WhiteElo "2185"]
[BlackElo "1688"]
[PlyCount "33"]
[EventDate "2018.09.24"]
[EventType "swiss"]
[EventRounds "9"]
[EventCountry "ESP"]
[SourceTitle "CBM 187 Extra"]
[Source "ChessBase"]
[SourceDate "2018.11.04"]
[SourceVersion "1"]
[SourceVersionDate "2018.11.04"]
[SourceQuality "1"]

1. d4 Nf6 2. c4 e6 3. Nc3 Bb4 4. e3 b6 5. Bd3 Bb7 6. f3 0-0 7. Nge2 d5 8. cxd5 Nxd5 9. 0-0 c5 10. Nxd5 Bxd5 11. a3 Ba5 12. Qc2 g6 13. Rd1 cxd4 14. b4 Nc6 15. e4 Rc8 16. Qb1 Ne5 17. exd5 1-0

[Event "Sants Hostafrancs op-C 18th"]
[Site "Barcelona"]
[Date "2016.08.20"]
[Round "2"]
[White "Fungueirino Pique, Daniel"]
[Black "Alquezar Calpena, Marc"]
[Result "0-1"]
[WhiteElo "1649"]
[BlackElo "1779"]
[PlyCount "82"]
[EventDate "2016.08.19"]
[EventType "swiss"]
[EventRounds "10"]
[EventCountry "ESP"]
[SourceTitle "EXT 2019"]
[Source "ChessBase"]
[SourceDate "2018.10.10"]
[SourceVersion "1"]
[SourceVersionDate "2018.10.10"]
[SourceQuality "1"]

1. Nf3 d5 2. d4 Nf6 3. e3 h6 4. Nbd2 Bf5 5. c4 e6 6. Be2 c6 7. 0-0 Bd6 8. Ne5 Ne4 9. Nxe4 Bxe4 10. cxd5 exd5 11. Bf3 Bxe5 12. Bxe4 Bxh2+ 13. Kxh2 Qh4+ 14. Kg1 Qxe4 15. f3 Qe7 16. Bd2 0-0 17. a3 Nd7 18. Re1 Rfe8 19. Rc1 Nb6 20. Bb4 Qg5 21. f4 Qg3 22. Rc3 Re4 23. Qf3 Qxe1+ 24. Kh2 Qh4+ 25. Kg1 Rae8 26. g3 Qh3 27. b3 R8e6 28. f5 Rf6 29. Qg2 Qxg2+ 30. Kxg2 Rxf5 31. Bd6 a6 32. a4 Nd7 33. a5 Nf6 34. Ba3 Ng4 35. Bc1 Rf2+ 36. Kg1 Ra2 37. b4 Nh2 38. Rd3 Nf3+ 39. Kf1 Rg4 40. Ra3 Rxa3 41. Bxa3 Nd2+ 0-1

[Event "Barcelona Sant Marti op-B 18th"]
[Site "Barcelona"]
[Date "2016.07.19"]
[Round "7.11"]
[White "Minguell Soler, Joan"]
[Black "Alquezar Calpena, Marc"]
[Result "1-0"]
[WhiteElo "1942"]
[BlackElo "1792"]
[PlyCount "47"]
[EventDate "2016.07.13"]
[EventType "swiss"]
[EventRounds "9"]
[EventCountry "ESP"]
[SourceTitle "EXT 2024"]
[Source "ChessBase"]
[SourceDate "2023.10.10"]
[SourceVersion "1"]
[SourceVersionDate "2023.10.10"]
[SourceQuality "1"]

1. d4 Nf6 2. c4 g6 3. Nc3 Bg7 4. e4 d6 5. Nf3 0-0 6. Be2 c5 7. 0-0 cxd4 8. Nxd4 a6 9. Be3 Qc7 10. Rc1 Nc6 11. f3 Nxd4 12. Bxd4 Be6 13. Nd5 Nxd5 14. cxd5 Qxc1 15. Qxc1 Bxd4+ 16. Kh1 Bd7 17. Qc7 Rfd8 18. Qxb7 Rab8 19. Qc7 Kf8 20. Bxa6 Ke8 21. b3 Rb6 22. Bb7 Bc5 23. Rc1 Bb5 24. Rxc5 1-0

[Event "Barcelona Sant Marti op-B 18th"]
[Site "Barcelona"]
[Date "2016.07.17"]
[Round "5.4"]
[White "Alquezar Calpena, Marc"]
[Black "Hinarejos Montano, Andres"]
[Result "1-0"]
[WhiteElo "1792"]
[BlackElo "1620"]
[PlyCount "77"]
[EventDate "2016.07.13"]
[EventType "swiss"]
[EventRounds "9"]
[EventCountry "ESP"]
[SourceTitle "EXT 2024"]
[Source "ChessBase"]
[SourceDate "2023.10.10"]
[SourceVersion "1"]
[SourceVersionDate "2023.10.10"]
[SourceQuality "1"]

1. e4 e5 2. Nf3 d6 3. d4 exd4 4. Nxd4 Be7 5. Bc4 Nf6 6. Nc3 0-0 7. h3 h6 8. 0-0 c5 9. Nf3 Nc6 10. Bf4 Be6 11. Bxe6 fxe6 12. Qd2 Kh7 13. Rad1 e5 14. Bg3 Nd4 15. Nxd4 cxd4 16. Nd5 Nxe4 17. Qd3 g6 18. Qxe4 b6 19. Nxe7 Qxe7 20. Rxd4 Rae8 21. Rd5 Qc7 22. Qd3 Re6 23. f4 e4 24. Qe2 Qc6 25. Rfd1 Rf5 26. Rxf5 gxf5 27. Bf2 d5 28. Qh5 Rf6 29. Bd4 Rg6 30. Qxf5 Qc7 31. h4 h5 32. Qxh5+ Rh6 33. Qf5+ Kg8 34. Qxd5+ Kh7 35. Qxe4+ Kg8 36. Qd5+ Kh7 37. Qf5+ Kg8 38. Qg5+ Kh7 39. Re1 1-0

[Event "Barcelona Sant Marti op-B 17th"]
[Site "Barcelona"]
[Date "2015.07.18"]
[Round "6"]
[White "Julia Yebra, David"]
[Black "Alquezar Calpena, Marc"]
[Result "1-0"]
[WhiteElo "2002"]
[BlackElo "1907"]
[PlyCount "99"]
[EventDate "2015.07.13"]
[EventType "swiss"]
[EventRounds "9"]
[EventCountry "ESP"]
[SourceTitle "EXT 2016"]
[Source "ChessBase"]
[SourceDate "2015.10.08"]
[SourceVersion "1"]
[SourceVersionDate "2015.10.08"]
[SourceQuality "1"]

1. c4 Nf6 2. Nc3 g6 3. d4 Bg7 4. g3 c6 5. Bg2 d5 6. cxd5 Nxd5 7. Nxd5 cxd5 8. Nf3 0-0 9. 0-0 Nc6 10. e3 Qb6 11. b3 Bg4 12. Qd2 Rac8 13. Bb2 Nb4 14. Ba3 Nc2 15. Bc5 Qc6 16. Qxc2 b6 17. Rac1 bxc5 18. dxc5 e6 19. Nd4 Bxd4 20. exd4 Qb5 21. Qd2 Bf5 22. Rfe1 a5 23. Bf1 Qb4 24. Qe3 Rfe8 25. f4 a4 26. Qc3 Rb8 27. bxa4 Qxa4 28. Re2 Rb4 29. Rd2 Rc8 30. Be2 Rcb8 31. g4 Be4 32. c6 Rb1 33. c7 Rxc1+ 34. Qxc1 Rc8 35. Qc5 Qd7 36. Rb2 Qxc7 37. Qxc7 Rxc7 38. a4 Ra7 39. Bb5 Bf3 40. g5 Bd1 41. Kf2 Kf8 42. Ke1 Rxa4 43. Bxa4 Bxa4 44. Rb8+ Be8 45. Kd2 Ke7 46. Kc3 Kf8 47. Kb4 Ke7 48. Kc5 Kd7 49. Rb7+ Kc8 50. Ra7 1-0

[Event "Barcelona Sant Marti op-B 17th"]
[Site "Barcelona"]
[Date "2015.07.17"]
[Round "5"]
[White "Alquezar Calpena, Marc"]
[Black "Jimenez Rimblas, Raul"]
[Result "1-0"]
[WhiteElo "1907"]
[BlackElo "1708"]
[PlyCount "65"]
[EventDate "2015.07.13"]
[EventType "swiss"]
[EventRounds "9"]
[EventCountry "ESP"]
[SourceTitle "EXT 2016"]
[Source "ChessBase"]
[SourceDate "2015.10.08"]
[SourceVersion "1"]
[SourceVersionDate "2015.10.08"]
[SourceQuality "1"]

1. e4 g6 2. d4 Bg7 3. Nf3 d6 4. Be3 Bg4 5. Be2 Bxf3 6. Bxf3 e5 7. 0-0 Nd7 8. c3 Ngf6 9. Qd2 0-0 10. Bh6 c6 11. a4 d5 12. Bxg7 Kxg7 13. Re1 Re8 14. exd5 cxd5 15. Na3 e4 16. Bd1 a6 17. Re3 Rc8 18. Rh3 e3 19. fxe3 Ne4 20. Qe1 Ndf6 21. Qh4 Qd6 22. Bf3 Qb6 23. Bxe4 Rxe4 24. Qh6+ Kg8 25. Rf1 Rce8 26. Nc2 Nh5 27. Rxh5 gxh5 28. Qxb6 Rg4 29. Qxb7 h4 30. Qxf7+ Kh8 31. Qxe8+ Rg8 32. Qe5+ Rg7 33. Rf8# 1-0

[Event "Barcelona Sant Marti op-B 15th"]
[Site "Barcelona"]
[Date "2013.07.16"]
[Round "4"]
[White "Riera Danes, Manel"]
[Black "Alquezar Calpena, Marc"]
[Result "1-0"]
[WhiteElo "1930"]
[BlackElo "1775"]
[PlyCount "59"]
[EventDate "2013.07.13"]
[EventType "swiss"]
[EventRounds "9"]
[EventCountry "ESP"]
[SourceTitle "CBM 155 Extra"]
[Source "ChessBase"]
[SourceDate "2013.08.26"]
[SourceVersion "1"]
[SourceVersionDate "2013.08.26"]
[SourceQuality "1"]

1. e4 c5 2. Nf3 Nc6 3. d4 cxd4 4. Nxd4 Nf6 5. Nc3 e6 6. a3 Bc5 7. Nb3 Be7 8. Be3 a6 9. Be2 b5 10. 0-0 Bb7 11. Bf3 Ne5 12. Be2 Nxe4 13. Nxe4 Bxe4 14. Qd4 Bxc2 15. Qxe5 Bxb3 16. Qxg7 Bf6 17. Qg3 Bd5 18. Bc5 Rc8 19. Bd6 Bxb2 20. Rad1 Bc4 21. Rfe1 Qf6 22. Bf3 Bb3 23. Rb1 Bc3 24. Rbc1 Bc4 25. Re4 Bb3 26. Rg4 Rf8 27. Rg8 Qh6 28. Rxf8+ Qxf8 29. Bxf8 Be1 30. Bd6 1-0

[Event "Barcelona Sant Marti op-B 15th"]
[Site "Barcelona"]
[Date "2013.07.15"]
[Round "3"]
[White "Alquezar Calpena, Marc"]
[Black "Olleta Tanya, Jordi"]
[Result "1-0"]
[WhiteElo "1775"]
[BlackElo "1527"]
[PlyCount "129"]
[EventDate "2013.07.13"]
[EventType "swiss"]
[EventRounds "9"]
[EventCountry "ESP"]
[SourceTitle "CBM 155 Extra"]
[Source "ChessBase"]
[SourceDate "2013.08.26"]
[SourceVersion "1"]
[SourceVersionDate "2013.08.26"]
[SourceQuality "1"]

1. e4 e5 2. Nf3 Nc6 3. Bb5 Nge7 4. Nc3 a6 5. Bc4 Ng6 6. d4 Be7 7. 0-0 b5 8. Bb3 Na5 9. dxe5 Nxb3 10. axb3 c6 11. Be3 0-0 12. Qd2 Qc7 13. Bd4 d6 14. exd6 Bxd6 15. Rfe1 Bf4 16. Be3 Bg4 17. Bxf4 Nxf4 18. Qe3 Rfe8 19. g3 Ng6 20. Nd2 Ne5 21. f4 Ng6 22. Qc5 Qd7 23. Qf2 Bh3 24. Nf3 Qg4 25. Ng5 Nh4 26. Re3 Ng2 27. Re2 Nxf4 28. Qxf4 b4 29. Qxf7+ Kh8 30. Qc4 Qxg5 31. Qxb4 Qg4 32. Rf2 h5 33. Qd6 h4 34. Qf4 Qxf4 35. Rxf4 g5 36. Rf6 Re6 37. Rxe6 Bxe6 38. gxh4 gxh4 39. Ra5 Kg7 40. Kf2 Kf6 41. Ke3 Ke7 42. Ne2 Kd6 43. Rh5 h3 44. Nf4 Bg4 45. Rh6+ Kc5 46. Nxh3 Bd1 47. Kd2 Rd8+ 48. Kc3 Re8 49. Ng5 Re5 50. h4 Bg4 51. b4+ Kb5 52. Nf7 Re7 53. Nd6+ Kb6 54. e5 Kc7 55. Kd4 Kb6 56. c4 Kc7 57. c5 Be6 58. Rg6 Kd7 59. h5 Ba2 60. h6 Bb1 61. Rg7 Bc2 62. Rxe7+ Kxe7 63. Ne4 Kf8 64. e6 Bb3 65. e7+ 1-0

[Event "Barcelona Sant Marti op-B 15th"]
[Site "Barcelona"]
[Date "2013.07.14"]
[Round "2"]
[White "Moreno Perez, Norberto"]
[Black "Alquezar Calpena, Marc"]
[Result "1-0"]
[WhiteElo "1920"]
[BlackElo "1775"]
[PlyCount "59"]
[EventDate "2013.07.13"]
[EventType "swiss"]
[EventRounds "9"]
[EventCountry "ESP"]
[SourceTitle "CBM 155 Extra"]
[Source "ChessBase"]
[SourceDate "2013.08.26"]
[SourceVersion "1"]
[SourceVersionDate "2013.08.26"]
[SourceQuality "1"]

1. e4 e5 2. Nf3 Nf6 3. d3 d6 4. Be2 Be7 5. h3 h6 6. Be3 Nc6 7. c3 Be6 8. d4 exd4 9. cxd4 d5 10. e5 Ne4 11. 0-0 0-0 12. Nbd2 Bf5 13. Rc1 f6 14. Nxe4 Bxe4 15. Nd2 Bf5 16. f4 fxe5 17. fxe5 Bg5 18. Bf2 Bg6 19. Rc5 Rxf2 20. Rxf2 Be3 21. Rxd5 Qh4 22. Qe1 Rf8 23. Nf3 Qg3 24. Rd7 Kh8 25. Bd1 Rxf3 26. Bxf3 Bf4 27. Be4 Qh2+ 28. Kf1 Bh5 29. Rxf4 Qxf4+ 30. Kg1 1-0

[Event "Barcelona Primavera La Lira op 6th"]
[Site "Barcelona"]
[Date "2013.05.30"]
[Round "8"]
[White "Tortosa Moros, Joan"]
[Black "Alquezar Calpena, Marc"]
[Result "1-0"]
[WhiteElo "1692"]
[BlackElo "1803"]
[PlyCount "49"]
[EventDate "2013.04.11"]
[EventType "swiss"]
[EventRounds "9"]
[EventCountry "ESP"]
[SourceTitle "CBM 154 Extra"]
[Source "ChessBase"]
[SourceDate "2013.06.25"]
[SourceVersion "2"]
[SourceVersionDate "2013.06.25"]
[SourceQuality "1"]

1. e4 c5 2. Nf3 Nc6 3. d4 cxd4 4. Nxd4 Nf6 5. Nc3 e6 6. Ndb5 Bb4 7. a3 Bxc3+ 8. Nxc3 d5 9. Bg5 0-0 10. exd5 exd5 11. Bxf6 Qxf6 12. Be2 d4 13. Ne4 Qe5 14. Ng3 d3 15. Qxd3 Qxb2 16. 0-0 Qd4 17. Qb3 Qf6 18. Ne4 Qe7 19. Bd3 Ne5 20. Rfe1 Nxd3 21. Qxd3 Re8 22. f3 Bf5 23. Qb5 a6 24. Qxf5 Rac8 25. Ng5 1-0

[Event "Catalunya-ch U20"]
[Site "Vila Seca"]
[Date "2011.04.23"]
[Round "7"]
[White "Alquezar Calpena, Marc"]
[Black "Vicente Bessen, Kirian"]
[Result "1/2-1/2"]
[WhiteElo "1800"]
[BlackElo "1690"]
[PlyCount "61"]
[EventDate "2011.04.20"]
[EventType "swiss"]
[EventRounds "8"]
[EventCountry "ESP"]
[SourceTitle "EXT 2012"]
[Source "ChessBase"]
[SourceDate "2011.11.24"]
[SourceVersion "1"]
[SourceVersionDate "2011.11.24"]
[SourceQuality "1"]

1. e4 e6 2. d4 d5 3. exd5 exd5 4. Bd3 c5 5. c3 Nf6 6. Nf3 Bg4 7. Bg5 cxd4 8. cxd4 Nc6 9. 0-0 Be7 10. Nc3 Nxd4 11. Qa4+ Nc6 12. Bxf6 Bxf6 13. Qxg4 0-0 14. Qf5 g6 15. Qg4 Bg7 16. Rac1 d4 17. Nd1 a6 18. a3 Re8 19. b4 Bh6 20. Rc4 Rc8 21. Qh4 Qxh4 22. Nxh4 b5 23. Rc5 Ne5 24. Rxc8 Rxc8 25. Be4 Nc4 26. f4 Re8 27. Bd5 Nd2 28. Bc6 Re7 29. g3 Nxf1 30. Kxf1 d3 31. Nf3 1/2-1/2

[Event "Sant Boi de Llobregat op 20th"]
[Site "Sant Boi de Llobregat"]
[Date "2008.04.25"]
[Round "1.9"]
[White "Alquezar Calpena, Marc"]
[Black "Chalmeta Ugas, Jordi Ramon"]
[Result "0-1"]
[WhiteElo "1791"]
[BlackElo "2100"]
[PlyCount "56"]
[EventDate "2008.04.25"]
[EventType "swiss"]
[EventRounds "8"]
[EventCountry "ESP"]
[SourceTitle "EXT 2024"]
[Source "ChessBase"]
[SourceDate "2023.10.10"]
[SourceVersion "1"]
[SourceVersionDate "2023.10.10"]
[SourceQuality "1"]

1. e4 e6 2. d4 d5 3. Nd2 Nf6 4. e5 Nfd7 5. Bd3 c5 6. c3 Nc6 7. Ne2 cxd4 8. cxd4 Qb6 9. Nf3 f6 10. exf6 Nxf6 11. 0-0 Bd6 12. Nc3 0-0 13. Be3 Bd7 14. Re1 a6 15. Bd2 Nxd4 16. Nxd4 Qxd4 17. Be3 Qg4 18. Qxg4 Nxg4 19. h3 Nxe3 20. Rxe3 d4 21. Ne4 dxe3 22. Nxd6 Rxf2 23. Be4 Rxb2 24. Bxb7 Rb8 25. Bf3 Rb1+ 26. Rxb1 Rxb1+ 27. Kh2 Bb5 28. Nxb5 axb5 0-1